[Event "Wroclaw op 9th"]
[Site "Wroclaw"]
[Date "2014.06.29"]
[Round "2"]
[White "Lipski, Lukasz"]
[Black "Oszczanowski, Witold"]
[Result "0-1"]
[WhiteElo "1595"]
[BlackElo "2086"]
[PlyCount "48"]
[EventDate "2014.06.29"]
[EventType "swiss"]
[EventRounds "9"]
[EventCountry "POL"]
[SourceTitle "EXT 2015"]
[Source "ChessBase"]
[SourceDate "2014.11.20"]
[SourceVersion "1"]
[SourceVersionDate "2014.11.20"]
[SourceQuality "1"]

1. e4 e6 2. d4 d5 3. e5 c5 4. c3 Nc6 5. Nf3 Bd7 6. a3 f6 7. exf6 Nxf6 8. Be2 Bd6 9. Bg5 0-0 10. 0-0 Qc7 11. Re1 Rae8 12. h3 Re7 13. c4 cxd4 14. cxd5 exd5 15. Bxf6 Rxf6 16. Nxd4 Nxd4 17. Qxd4 Bc5 18. Qxd5+ Be6 19. Qd2 Bxf2+ 20. Kh1 Bxe1 21. Qxe1 Bc4 22. Nc3 Bxe2 23. Nxe2 Qe5 24. Qc3 Qxe2 0-1

[Event "Marianske Lazne op 13th"]
[Site "Marianske Lazne"]
[Date "2014.01.22"]
[Round "6"]
[White "Lipski, Lukasz"]
[Black "Lotz, Kolja"]
[Result "1-0"]
[WhiteElo "1577"]
[BlackElo "1696"]
[PlyCount "75"]
[EventDate "2014.01.18"]
[EventType "swiss"]
[EventRounds "9"]
[EventCountry "CZE"]
[SourceTitle "CBM 158 Extra"]
[Source "ChessBase"]
[SourceDate "2014.02.28"]
[SourceVersion "1"]
[SourceVersionDate "2014.02.28"]
[SourceQuality "1"]

1. e4 c5 2. Nf3 Nc6 3. Bb5 d6 4. Bxc6+ bxc6 5. 0-0 Nf6 6. d3 g6 7. Re1 e5 8. c3 Bg7 9. d4 cxd4 10. cxd4 Nd7 11. Nc3 0-0 12. d5 cxd5 13. Nxd5 Nb6 14. Be3 Nxd5 15. Qxd5 Be6 16. Qc6 Rc8 17. Qa6 Rc7 18. Red1 d5 19. exd5 Bxd5 20. Bxa7 Qa8 21. Qd6 Bxf3 22. Qxc7 Bxd1 23. Rxd1 Rc8 24. Qa5 e4 25. b4 Bf6 26. h3 Qc6 27. Qc5 Qb7 28. Qb6 Qa8 29. Qxf6 Qxa7 30. Rd8+ Rxd8 31. Qxd8+ Kg7 32. b5 Qxa2 33. Qd4+ f6 34. b6 Qb1+ 35. Kh2 g5 36. Qd7+ Kg6 37. b7 e3 38. fxe3 1-0

[Event "Marianske Lazne op 12th"]
[Site "Marianske Lazne"]
[Date "2013.01.26"]
[Round "9"]
[White "Lipski, Lukasz"]
[Black "Zielinski, Olgierd"]
[Result "1-0"]
[WhiteElo "1507"]
[BlackElo "1894"]
[PlyCount "120"]
[EventDate "2013.01.19"]
[EventType "swiss"]
[EventRounds "9"]
[EventCountry "CZE"]
[SourceTitle "CBM 152 Extra"]
[Source "ChessBase"]
[SourceDate "2013.02.25"]
[SourceVersion "1"]
[SourceVersionDate "2013.02.25"]
[SourceQuality "1"]

1. e4 c5 2. Nf3 e6 3. d4 cxd4 4. Nxd4 a6 5. c4 Qc7 6. Nc3 Nc6 7. Be3 Nf6 8. f4 Bb4 9. e5 Ne4 10. Qd3 Nxd4 11. Qxd4 Qc6 12. Bd3 Bc5 13. Qxe4 Qxe4 14. Nxe4 Bxe3 15. Nd6+ Ke7 16. g3 Bc5 17. 0-0-0 Bxd6 18. exd6+ Kxd6 19. Bxh7+ Ke7 20. Be4 Ra7 21. c5 Rh5 22. b4 a5 23. Bf3 Rf5 24. Bg4 Rf6 25. b5 a4 26. Rd6 Ra5 27. Rb6 g5 28. fxg5 Rf2 29. Kb1 a3 30. Bd1 Rb2+ 31. Ka1 Rbxb5 32. h4 Rxc5 33. Bf3 d5 34. h5 Kf8 35. h6 Kg8 36. h7+ Kh8 37. Rd6 Bd7 38. Rxd7 Ra8 39. Rxf7 Rac8 40. Rxb7 d4 41. Bg4 Rxg5 42. Bxe6 Rd8 43. Rd7 Rxd7 44. Bxd7 Rxg3 45. Bf5 Rf3 46. Bb1 d3 47. Rd1 Kxh7 48. Rxd3 Rxd3 49. Bxd3+ Kg7 50. Kb1 Kf6 51. Kc2 Ke5 52. Kb3 Kd4 53. Kxa3 Kc5 54. Kb3 Kb6 55. a4 Ka5 56. Be4 Ka6 57. Kb4 Kb6 58. a5+ Ka6 59. Ka4 Ka7 60. Kb5 Kb8 1-0

[Event "Wroclaw op-B 7th"]
[Site "Wroclaw"]
[Date "2012.07.09"]
[Round "8"]
[White "Frej, Zofia"]
[Black "Lipski, Lukasz"]
[Result "1-0"]
[WhiteElo "1545"]
[BlackElo "1494"]
[PlyCount "49"]
[EventDate "2012.07.02"]
[EventType "swiss"]
[EventRounds "9"]
[EventCountry "POL"]
[SourceTitle "EXT 2013"]
[Source "ChessBase"]
[SourceDate "2012.11.22"]
[SourceVersion "1"]
[SourceVersionDate "2012.11.22"]
[SourceQuality "1"]

1. e4 c5 2. Nf3 d6 3. c3 Nf6 4. h3 Nc6 5. Bd3 g6 6. Bc2 e6 7. 0-0 Bg7 8. d4 cxd4 9. cxd4 d5 10. e5 Nd7 11. Nc3 a6 12. Bg5 Qb6 13. b3 0-0 14. Qd2 Nb4 15. Be7 Re8 16. Na4 Qc6 17. Bxb4 b6 18. Rac1 a5 19. Bd6 Qb7 20. Bd3 Ra7 21. Rc7 Qa8 22. Rfc1 h6 23. Rxa7 Qxa7 24. Rc7 Qa8 25. Bb5 1-0

[Event "Wroclaw Cup-B"]
[Site "Wroclaw"]
[Date "2012.05.02"]
[Round "7"]
[White "Lipski, Lukasz"]
[Black "Gradalski, Bartosz"]
[Result "1-0"]
[WhiteElo "1495"]
[BlackElo "1650"]
[PlyCount "73"]
[EventDate "2012.04.30"]
[EventType "swiss"]
[EventRounds "9"]
[EventCountry "POL"]
[SourceTitle "EXT 2013"]
[Source "ChessBase"]
[SourceDate "2012.11.22"]
[SourceVersion "1"]
[SourceVersionDate "2012.11.22"]
[SourceQuality "1"]

1. e4 e6 2. d4 d5 3. e5 c5 4. c3 Nc6 5. Nf3 cxd4 6. cxd4 Nge7 7. Nc3 Ng6 8. Bd3 Be7 9. 0-0 0-0 10. Be3 Bd7 11. Qd2 a6 12. Rac1 Nb4 13. Bb1 Rc8 14. a3 Nc6 15. Rfd1 f6 16. Bxg6 hxg6 17. Qd3 f5 18. Ne2 g5 19. g3 Be8 20. Qd2 g4 21. Ne1 Kf7 22. Nf4 Rh8 23. f3 g5 24. Nfg2 gxf3 25. Nxf3 Kg6 26. Rc2 Bf7 27. b4 b5 28. Qc1 Na7 29. Rdd2 Qf8 30. Rxc8 Nxc8 31. Rc2 g4 32. Nfh4+ Kg7 33. Bg5 Nb6 34. Rc7 Bxg5 35. Qxg5+ Kh7 36. Nf4 Qg8 37. Nxe6 1-0